[Event "CAN-ch Universities"]
[Site "Montreal CAN"]
[Date "2025.01.25"]
[Round "2.43"]
[White "Atmani, Amine"]
[Black "Pitre, Lucas"]
[Result "0-1"]
[WhiteElo "1995"]
[BlackElo "1951"]
[WhiteFideId "-1"]
[WhiteFideId "-1"]
[PlyCount "86"]
[GameId "2144521137819845"]
[EventDate "2025.01.24"]
[EventType "team"]
[EventRounds "5"]
[EventCountry "CAN"]
[WhiteTeam "U de Montreal A"]
[BlackTeam "U Ottawa A"]

1. d4 Nf6 2. c4 g6 3. Nc3 d5 4. cxd5 Nxd5 5. e4 Nxc3 6. bxc3 Bg7 7. Nf3 c5 8. Bb5+ Bd7 9. Qa4 O-O 10. Bxd7 Qxd7 11. Qxd7 Nxd7 12. O-O cxd4 13. cxd4 Rfc8 14. Ba3 e5 15. dxe5 Nxe5 16. Nxe5 Bxe5 17. Rac1 b5 18. Rc5 Rxc5 19. Bxc5 a5 20. f4 Rc8 21. Bb6 Bc7 22. Be3 Bd6 23. Rd1 Bc5 24. Kf2 Kf8 25. Bxc5+ Rxc5 26. Ke3 Ke7 27. g4 Rc2 28. Rd2 Rxd2 29. Kxd2 Kd6 30. Kd3 Kc5 31. h4 b4 32. f5 a4 33. e5 Kd5 34. e6 fxe6 35. f6 Kd6 36. Kc4 b3 37. axb3 a3 38. Kc3 e5 39. b4 e4 40. b5 e3 41. b6 e2 42. Kd2 e1=Q+ 43. Kxe1 a2 0-1

[Event "CAN-ch Universities"]
[Site "Montreal CAN"]
[Date "2025.01.25"]
[Round "2.44"]
[White "Mullur, Neerav"]
[Black "Janelle, Karl"]
[Result "1-0"]
[WhiteElo "1902"]
[BlackElo "1954"]
[WhiteFideId "-1"]
[WhiteFideId "-1"]
[PlyCount "148"]
[GameId "2144521137828038"]
[EventDate "2025.01.24"]
[EventType "team"]
[EventRounds "5"]
[EventCountry "CAN"]
[WhiteTeam "U Ottawa A"]
[BlackTeam "U de Montreal A"]

1. e4 c5 2. c3 Nf6 3. e5 Nd5 4. Nf3 e6 5. d4 cxd4 6. cxd4 b6 7. Bd3 Be7 8. O-O Bb7 9. Nbd2 f5 10. exf6 Nxf6 11. Ng5 O-O 12. Nde4 Nxe4 13. Nxe4 Qe8 14. Ng5 h6 15. Nh3 Bd6 16. Qg4 Rf6 17. Nf4 Bxf4 18. Bxf4 Nc6 19. Rad1 Qf7 20. Bd6 a5 21. Qe4 Rf5 22. f3 Ba6 23. Bxa6 Rxa6 24. Rfe1 Ra8 25. a3 Rd5 26. Be5 Re8 27. Re2 Qh5 28. Bc7 Rb5 29. Rc2 Qf5 30. Qxf5 exf5 31. Kf2 Kf7 32. Rd3 Rc8 33. Bd6 Ne7 34. Rdd2 Rxc2 35. Rxc2 Nd5 36. Ke2 g6 37. Kd3 Ke6 38. Kc4 Ne3+ 39. Kxb5 Nxc2 40. Be5 Ne1 41. Kxb6 Nxg2 42. Kxa5 d6 43. Bg7 Ne3 44. Kb5 h5 45. a4 Kd7 46. a5 Kc7 47. Bf8 d5 48. b3 g5 49. a6 Kb8 50. Bh6 Nc2 51. Bg7 g4 52. fxg4 hxg4 53. Kc5 Ka7 54. Kxd5 f4 55. Be5 f3 56. Bg3 Kxa6 57. Ke4 Kb5 58. d5 Kc5 59. Bf2+ Kd6 60. Bg3+ Kc5 61. Ke5 Nb4 62. Bf2+ Kb5 63. Kd4 Nc2+ 64. Kc3 Nb4 65. d6 Nd5+ 66. Kd4 Nb6 67. Ke5 Nd7+ 68. Kf5 Kc6 69. Kxg4 Kxd6 70. Kxf3 Ne5+ 71. Ke4 Ke6 72. h4 Nf7 73. Kf3 Kd5 74. b4 Kc4 {...} 1-0

[Event "CAN-ch Universities"]
[Site "Montreal CAN"]
[Date "2025.01.25"]
[Round "2.51"]
[White "Porlier, Xavier"]
[Black "Byl, Oliver"]
[Result "1/2-1/2"]
[WhiteElo "1948"]
[BlackElo "1819"]
[WhiteFideId "-1"]
[WhiteFideId "-1"]
[PlyCount "106"]
[GameId "2144521137828039"]
[EventDate "2025.01.24"]
[EventType "team"]
[EventRounds "5"]
[EventCountry "CAN"]
[WhiteTeam "U de Montreal B"]
[BlackTeam "U Ottawa B"]

1. e4 c6 2. d4 d5 3. exd5 cxd5 4. Nf3 Nc6 5. c4 Nf6 6. Nc3 a6 7. cxd5 Nxd5 8. Bc4 Be6 9. Bb3 Na5 10. Bc2 Nxc3 11. bxc3 Bd5 12. O-O e6 13. Ne5 g6 14. Re1 Be7 15. Qg4 Nc4 16. Bh6 Nxe5 17. dxe5 Bf8 18. Be3 Rc8 19. Rad1 Qc7 20. Bg5 Be7 21. Bxe7 Kxe7 22. Qf4 Rhd8 23. Qf6+ Ke8 24. Qh8+ Ke7 25. Qxh7 Qc4 26. Bxg6 Rf8 27. Qg7 Qf4 28. Bh7 Rxc3 29. Bb1 Rcc8 30. Qg3 Qxg3 31. hxg3 Rh8 32. Rc1 a5 33. a3 b5 34. Bd3 b4 35. axb4 axb4 36. Ba6 Rc6 37. Rxc6 Bxc6 38. Rb1 Rb8 39. Bc4 Bd5 40. Bb3 f6 41. exf6+ Kxf6 42. Kf1 Ke5 43. Bxd5 Kxd5 44. Ke2 Kd4 45. Kd2 b3 46. g4 e5 47. f3 e4 48. fxe4 Kxe4 49. g3 Kf3 50. g5 Kxg3 51. Kc3 Kf4 52. g6 Kf5 53. g7 Kf6 1/2-1/2

[Event "CAN-ch Universities"]
[Site "Montreal CAN"]
[Date "2025.01.25"]
[Round "2.52"]
[White "McCulloch, Matteus"]
[Black "Gonzalez, Frederic"]
[Result "0-1"]
[WhiteElo "1863"]
[BlackElo "1725"]
[WhiteFideId "-1"]
[WhiteFideId "-1"]
[PlyCount "116"]
[GameId "2144521137828040"]
[EventDate "2025.01.24"]
[EventType "team"]
[EventRounds "5"]
[EventCountry "CAN"]
[WhiteTeam "U Ottawa B"]
[BlackTeam "U de Montreal B"]

1. e4 c6 2. Nf3 d5 3. d3 dxe4 4. dxe4 Qxd1+ 5. Kxd1 Nf6 6. Nfd2 e5 7. f3 Be6 8. Bc4 Bxc4 9. Nxc4 Nfd7 10. Be3 Be7 11. Nbd2 O-O 12. Nb3 Rd8 13. Ke2 Na6 14. c3 f6 15. Rhd1 Nac5 16. Nd6 b6 17. Rd2 Nxb3 18. axb3 Nf8 19. Rad1 Bxd6 20. Rxd6 Rxd6 21. Rxd6 Rc8 22. Kd3 Kf7 23. Kc4 Ke7 24. Rd1 Ne6 25. b4 h5 26. b5 cxb5+ 27. Kxb5 g5 28. g3 g4 29. f4 exf4 30. gxf4 Nc5 31. Rd5 Nxe4 32. Rxh5 Nd6+ 33. Ka6 Rc7 34. Rh7+ Nf7 35. f5 Kf8 36. Bd4 Kg8 37. Rh4 Ne5 38. Bxe5 fxe5 39. Rxg4+ Kf7 40. Rg6 e4 41. Rg3 Re7 42. Re3 Kf6 43. c4 Kxf5 44. b4 Kf4 45. Re1 e3 46. Rf1+ Ke4 47. c5 bxc5 48. bxc5 e2 49. Rc1 Kd3 50. c6 Rc7 51. Kb5 Kd2 52. Ra1 e1=Q 53. Rxe1 Kxe1 54. h4 Kd2 55. h5 Kd3 56. Kc5 Rh7 57. Kb5 Rxh5+ 58. Ka6 Rh7 0-1

[Event "CAN-ch Universities"]
[Site "Montreal CAN"]
[Date "2025.01.25"]
[Round "2.53"]
[White "Jean, Alexandre"]
[Black "Shah, Mustafa"]
[Result "1-0"]
[WhiteElo "1585"]
[BlackElo "1745"]
[WhiteFideId "-1"]
[WhiteFideId "-1"]
[PlyCount "150"]
[GameId "2144521137828041"]
[EventDate "2025.01.24"]
[EventType "team"]
[EventRounds "5"]
[EventCountry "CAN"]
[WhiteTeam "U de Montreal B"]
[BlackTeam "U Ottawa B"]

1. e4 c6 2. d4 d5 3. f3 e6 4. Bf4 Bd6 5. e5 Bb4+ 6. c3 Ba5 7. Bd3 Ne7 8. Bg5 Nd7 9. f4 c5 10. Nf3 cxd4 11. Nxd4 a6 12. O-O g6 13. f5 O-O 14. f6 Nc6 15. Nxc6 bxc6 16. Qe1 Bb6+ 17. Kh1 Re8 18. Qh4 Bc5 19. Rf3 Nxe5 20. Rh3 h5 21. Bxg6 Ng4 22. Rf3 Nf2+ 23. Rxf2 Bxf2 24. Qxf2 Qd6 25. Bxh5 Qe5 26. Qg3 Qxg3 27. hxg3 e5 28. Nd2 e4 29. Be3 Re6 30. Rf1 Rb8 31. Nb3 Re8 32. Rf2 Ra8 33. g4 a5 34. g5 a4 35. Nc5 a3 36. b4 Rf8 37. g6 fxg6 38. Bxg6 Ra7 39. Kg1 Rff7 40. Bxf7+ Rxf7 41. g4 Rh7 42. f7+ Rxf7 43. Rxf7 Kxf7 44. g5 Bg4 45. Nb3 Be2 46. Nd4 Bc4 47. Nc2 Bxa2 48. Nxa3 Bb3 49. Kf2 Bd1 50. Kg3 Bh5 51. Nc2 Ke7 52. Nd4 Be8 53. Kf4 Kd6 54. Nf5+ Kc7 55. Ne7 Kb7 56. g6 Ka6 57. g7 Bf7 58. g8=Q Bxg8 59. Nxg8 Kb5 60. Ke5 Kc4 61. Ne7 Kxc3 62. Nxc6 Kc4 63. Kd6 Kb5 64. Kxd5 Ka6 65. Kxe4 Kb5 66. Kd5 Ka6 67. Kc5 Kb7 68. Ne5 Kc7 69. Kb5 Kb7 70. Bc1 Kb8 71. Kb6 Ka8 72. Kc7 Ka7 73. b5 Ka8 74. Ng6 Ka7 75. b6+ Ka6 1-0

[Event "CAN-ch Universities"]
[Site "Montreal CAN"]
[Date "2025.01.25"]
[Round "2.54"]
[White "Sharifi, Sam"]
[Black "Bergeron, Emile"]
[Result "1/2-1/2"]
[WhiteElo "1739"]
[BlackElo "1239"]
[WhiteFideId "-1"]
[WhiteFideId "-1"]
[PlyCount "80"]
[GameId "2144521137828042"]
[EventDate "2025.01.24"]
[EventType "team"]
[EventRounds "5"]
[EventCountry "CAN"]
[WhiteTeam "U Ottawa B"]
[BlackTeam "U de Montreal B"]

1. Nf3 f5 2. e4 fxe4 3. Ng5 Nf6 4. d3 h6 5. Nxe4 e6 6. Be2 d5 7. Bh5+ Nxh5 8. Qxh5+ Kd7 9. Ng3 Qe8 10. Qe2 Nc6 11. c3 Bd6 12. Be3 Qg6 13. d4 e5 14. Qb5 exd4 15. cxd4 a6 16. Qb3 Nb4 17. Kd2 a5 18. a3 a4 19. Qc3 Nc6 20. Qc2 Qf6 21. Qf5+ Qxf5 22. Nxf5 Bf8 23. Kc2 g6 24. Ng3 Bg7 25. Nc3 Nxd4+ 26. Bxd4 Bxd4 27. Nxd5 Bxf2 28. Ne4 Bb6 29. Rhf1 Kc6 30. Ne7+ Kb5 31. Nc3+ Ka5 32. Rad1 Be6 33. Ned5 c6 34. Rf4 Bd4 35. Rdxd4 Bxd5 36. Rxa4+ Kb6 37. Nxd5+ cxd5 38. Rxa8 Rxa8 39. Rf6+ Kc5 40. Rxg6 Rf8 1/2-1/2

[Event "CAN-ch Universities"]
[Site "Montreal CAN"]
[Date "2025.01.25"]
[Round "2.61"]
[White "Pelev, Iassen"]
[Black "Madanchi, Ata"]
[Result "1-0"]
[WhiteElo "2110"]
[BlackElo "2021"]
[WhiteFideId "-1"]
[WhiteFideId "-1"]
[PlyCount "102"]
[GameId "2144521137828043"]
[EventDate "2025.01.24"]
[EventType "team"]
[EventRounds "5"]
[EventCountry "CAN"]
[WhiteTeam "Carleton A"]
[BlackTeam "McGill B"]

1. e4 e5 2. Nf3 Nc6 3. Bb5 a6 4. Ba4 Nf6 5. Qe2 b5 6. Bb3 Bc5 7. c3 d6 8. O-O O-O 9. d3 Be6 10. Be3 Re8 11. Bxe6 fxe6 12. Bxc5 dxc5 13. Nbd2 Nd7 14. Qe3 Qe7 15. Nb3 Reb8 16. Qg5 Qd6 17. Rad1 Rd8 18. Rd2 Nf6 19. Qe3 Nd7 20. Rfd1 a5 21. d4 exd4 22. cxd4 c4 23. d5 exd5 24. Rxd5 Qe7 25. Nbd4 Nde5 26. Nf5 Qf6 27. Qc5 Rab8 28. Nxe5 Nxe5 29. Ne7+ Kf7 30. Rxd8 Rxd8 31. Rxd8 Qxe7 32. Qxe7+ Kxe7 33. Rd5 Ke6 34. Rxb5 c6 35. Rb7 Nd3 36. Kf1 a4 37. a3 g5 38. Ke2 h5 39. Ke3 c5 40. f3 Ke5 41. g3 Kd6 42. Kd2 Kc6 43. Rb8 Kc7 44. Ra8 Nxb2 45. Kc3 Nd3 46. Kxc4 Ne5+ 47. Kxc5 Nxf3 48. Ra7+ Kd8 49. Kd5 Ke8 50. e5 Nd4 51. Rxa4 Nf5 1-0

[Event "CAN-ch Universities"]
[Site "Montreal CAN"]
[Date "2025.01.25"]
[Round "2.62"]
[White "Gignoux-Pezzetti, Nathan"]
[Black "Lane, Ryan"]
[Result "0-1"]
[WhiteElo "1888"]
[BlackElo "2041"]
[WhiteFideId "-1"]
[WhiteFideId "-1"]
[PlyCount "140"]
[GameId "2144521137828044"]
[EventDate "2025.01.24"]
[EventType "team"]
[EventRounds "5"]
[EventCountry "CAN"]
[WhiteTeam "McGill B"]
[BlackTeam "Carleton A"]

1. e4 e5 2. Nf3 Nc6 3. Bc4 Nf6 4. Ng5 d5 5. exd5 Na5 6. Bb5+ c6 7. dxc6 bxc6 8. Be2 h6 9. Nf3 e4 10. Ne5 Qd4 11. f4 Be7 12. c3 Qb6 13. b4 Nb7 14. Qa4 Bd7 15. Na3 O-O 16. Nac4 Qc7 17. O-O a5 18. Nxd7 Nxd7 19. Qb3 Rfb8 20. a3 Nd6 21. Rb1 c5 22. Bh5 Nf6 23. Be2 cxb4 24. cxb4 axb4 25. axb4 Nxc4 26. Qxc4 Qxc4 27. Bxc4 Bxb4 28. Bb2 Bc5+ 29. Kh1 Rb4 30. Bxf6 Rxc4 31. Bh4 Ra2 32. Rbd1 Rcc2 33. Be1 e3 34. dxe3 Rxg2 35. Bg3 Bxe3 36. Rf3 Ba7 37. f5 h5 38. h4 Kh7 39. Rb1 Bd4 40. Rbf1 Rgc2 41. Bd6 Rab2 42. Bf4 Bf6 43. Bg3 Bxh4 44. Be5 Rb5 45. Rh3 Rxe5 46. Rxh4 g6 47. fxg6+ fxg6 48. Rhf4 Ree2 49. Ra1 Rh2+ 50. Kg1 Rcg2+ 51. Kf1 Rh1+ 52. Kxg2 Rxa1 53. Rb4 Ra3 54. Kh2 Kh6 55. Kg2 Ra5 56. Kg3 Kg5 57. Rb3 h4+ 58. Kh3 Kh5 59. Rc3 g5 60. Rb3 g4+ 61. Kh2 Ra2+ 62. Kg1 h3 63. Rb5+ Kh4 64. Rb4 Ra3 65. Rc4 Kg3 66. Rc1 Ra4 67. Rb1 Kh4 68. Rc1 g3 69. Kh1 h2 70. Rf1 Kh3 0-1

[Event "CAN-ch Universities"]
[Site "Montreal CAN"]
[Date "2025.01.25"]
[Round "2.63"]
[White "Graham, Douglas"]
[Black "Ratnesan, Rajeiv"]
[Result "1-0"]
[WhiteElo "1933"]
[BlackElo "1860"]
[WhiteFideId "-1"]
[WhiteFideId "-1"]
[PlyCount "69"]
[GameId "2144521137828045"]
[EventDate "2025.01.24"]
[EventType "team"]
[EventRounds "5"]
[EventCountry "CAN"]
[WhiteTeam "Carleton A"]
[BlackTeam "McGill B"]

1. d4 f5 2. g3 Nf6 3. Bg2 g6 4. Nf3 d6 5. O-O Bg7 6. c4 O-O 7. Nc3 Qe8 8. d5 e5 9. dxe6 Bxe6 10. Qb3 Bc8 11. c5+ Kh8 12. cxd6 cxd6 13. Bf4 Qe7 14. Rad1 Ne8 15. Qa3 Na6 16. Bxd6 Nxd6 17. Rxd6 Nc7 18. Rfd1 Re8 19. e3 a6 20. h4 h6 21. Qb3 Kh7 22. a4 Rb8 23. Ne2 Ne6 24. Qb6 Nf8 25. Nf4 Be6 26. Nd4 Bf7 27. h5 g5 28. Nxf5 Qe5 29. Nxg7 Qxg7 30. Nd5 Bxd5 31. R1xd5 Re7 32. Bf1 Rd7 33. Rxd7 Nxd7 34. Qc7 Nf6 35. Bd3+ 1-0

[Event "CAN-ch Universities"]
[Site "Montreal CAN"]
[Date "2025.01.25"]
[Round "2.64"]
[White "Liao, Minyan"]
[Black "Rayos, Cris Angelo"]
[Result "0-1"]
[WhiteElo "1847"]
[BlackElo "1954"]
[WhiteFideId "-1"]
[WhiteFideId "-1"]
[PlyCount "90"]
[GameId "2144521137828046"]
[EventDate "2025.01.24"]
[EventType "team"]
[EventRounds "5"]
[EventCountry "CAN"]
[WhiteTeam "McGill B"]
[BlackTeam "Carleton A"]

1. e4 e6 2. Nf3 d5 3. Nc3 Nf6 4. e5 Nfd7 5. d4 c5 6. dxc5 Nc6 7. Bf4 Bxc5 8. Bd3 Be7 9. O-O g5 10. Be3 g4 11. Nd4 Ndxe5 12. Nxc6 Nxc6 13. Bb5 h5 14. f4 a6 15. Bxc6+ bxc6 16. Na4 Qa5 17. Qd4 f6 18. Nc5 Rb8 19. Nb3 Qb4 20. a3 Qxd4 21. Bxd4 Rb5 22. a4 Rb4 23. Bc3 Rb8 24. Bd4 Kf7 25. Ra2 Kg6 26. Nc5 Rb4 27. c3 Rc4 28. b4 a5 29. Nb3 axb4 30. Na5 b3 31. Rb2 Bc5 32. Nxc4 Bxd4+ 33. cxd4 dxc4 34. a5 Ba6 35. f5+ exf5 36. Re1 Rd8 37. Re6 Bb5 38. a6 Kf7 39. Re1 Bxa6 40. Rf2 Rb8 41. Rxf5 c3 42. Ref1 b2 43. Rxf6+ Kg7 44. Rf7+ Kg8 45. Rf8+ Rxf8 0-1

[Event "CAN-ch Universities"]
[Site "Montreal CAN"]
[Date "2025.01.25"]
[Round "2.71"]
[White "Li, Yi Lin"]
[Black "Lin, Benjamin"]
[Result "1/2-1/2"]
[WhiteElo "2044"]
[BlackElo "2044"]
[WhiteFideId "-1"]
[WhiteFideId "-1"]
[PlyCount "79"]
[GameId "2144521137828047"]
[EventDate "2025.01.24"]
[EventType "team"]
[EventRounds "5"]
[EventCountry "CAN"]
[WhiteTeam "Waterloo B"]
[BlackTeam "Western A"]

1. e4 c5 2. Nf3 e6 3. d4 cxd4 4. Nxd4 Nc6 5. Nc3 a6 6. Nxc6 bxc6 7. Bd3 d5 8. O-O g6 9. Kh1 Bg7 10. Bd2 Ne7 11. f4 Bb7 12. Na4 Qc7 13. Nc5 Qb6 14. Nxb7 Qxb7 15. Qe2 Qxb2 16. Rab1 Qxa2 17. Rb7 dxe4 18. Bc4 Qa4 19. Bb4 Nd5 20. Bb3 Qxb4 21. Rxb4 Nxb4 22. Qc4 a5 23. c3 a4 24. cxb4 axb3 25. Qxc6+ Ke7 26. Qc7+ Kf8 27. Rd1 Bf6 28. g4 Ra1 29. Rxa1 Bxa1 30. g5 b2 31. Qd8+ Kg7 32. Qd4+ Kg8 33. Qxe4 Kg7 34. Qd4+ Kg8 35. Qd3 Kg7 36. Qc3+ Kg8 37. Qc2 Kg7 38. Qc3+ Kg8 39. Qc8+ Kg7 40. Qc3+ 1/2-1/2

[Event "CAN-ch Universities"]
[Site "Montreal CAN"]
[Date "2025.01.25"]
[Round "2.72"]
[White "Docheshmeh, Amir Mohammad"]
[Black "Ramesh, Sanjay"]
[Result "1/2-1/2"]
[WhiteElo "2034"]
[BlackElo "2017"]
[WhiteFideId "-1"]
[WhiteFideId "-1"]
[PlyCount "110"]
[GameId "2144521137828048"]
[EventDate "2025.01.24"]
[EventType "team"]
[EventRounds "5"]
[EventCountry "CAN"]
[WhiteTeam "Western A"]
[BlackTeam "Waterloo B"]

1. e4 c6 2. d4 d5 3. exd5 cxd5 4. Bd3 Nc6 5. Nf3 Bg4 6. c3 e6 7. O-O Bd6 8. Nbd2 Nf6 9. Re1 O-O 10. h3 Bh5 11. g4 Bg6 12. Bxg6 hxg6 13. Ne5 Qc7 14. Qe2 b5 15. a3 a5 16. Ndf3 Ne4 17. Nxc6 Qxc6 18. Ng5 Nxg5 19. Bxg5 b4 20. axb4 axb4 21. Bd2 b3 22. Rab1 Qc4 23. Qf3 Rfe8 24. Bf4 Bxf4 25. Qxf4 Qd3 26. Kg2 f6 27. Rbd1 Qc4 28. Qd6 Rad8 29. Qg3 Kf7 30. Re3 Ra8 31. Rde1 Ra2 32. R1e2 Qa6 33. Qc7+ Re7 34. Qb8 Ra1 35. Qxb3 Rb7 36. Qc2 Qa2 37. Rxe6 Rb1 38. R6e3 Qa1 39. Rg3 Rg1+ 40. Kf3 Rxg3+ 41. fxg3 Qf1+ 42. Rf2 Qh1+ 43. Rg2 Re7 44. Qd2 Qf1+ 45. Rf2 Qxh3 46. Rh2 Qf1+ 47. Rf2 Qh1+ 48. Rg2 Re4 49. Kf2 Rxg4 50. Qe1 Qh5 51. Qe2 Qf5+ 52. Qf3 Qe6 53. Kf1 Re4 54. Re2 Qh3+ 55. Ke1 f5 1/2-1/2

[Event "CAN-ch Universities"]
[Site "Montreal CAN"]
[Date "2025.01.25"]
[Round "2.73"]
[White "Qiu, Andrew Yu"]
[Black "Noorali, Aahil"]
[Result "0-1"]
[WhiteElo "1964"]
[BlackElo "2054"]
[WhiteFideId "-1"]
[WhiteFideId "-1"]
[PlyCount "130"]
[GameId "2144521137828049"]
[EventDate "2025.01.24"]
[EventType "team"]
[EventRounds "5"]
[EventCountry "CAN"]
[WhiteTeam "Waterloo B"]
[BlackTeam "Western A"]

1. e4 e5 2. Nf3 Nc6 3. Bb5 a6 4. Ba4 Nf6 5. O-O Be7 6. Re1 b5 7. Bb3 d6 8. c3 O-O 9. h3 Na5 10. Bc2 c5 11. d4 cxd4 12. cxd4 Nc6 13. a4 Bd7 14. Nc3 b4 15. Ne2 Qc7 16. Bg5 Rab8 17. Rc1 Qb7 18. b3 Rfe8 19. Ng3 h6 20. Be3 Bd8 21. Qd2 Nh7 22. d5 Na5 23. Nh2 Bb6 24. Ng4 Rec8 25. Nf5 Bxf5 26. exf5 f6 27. Bxb6 Qxb6 28. Re3 Kh8 29. Nh2 Rb7 30. Bd1 Rxc1 31. Qxc1 Rc7 32. Qd2 Nf8 33. Nf1 Nd7 34. Ng3 Qc5 35. Re1 Qc3 36. Qxc3 Rxc3 37. Ne4 Rd3 38. Bc2 Rxd5 39. Rc1 Nc5 40. Kf1 Nc6 41. Ke1 Nd4 42. Nd2 Kg8 43. Be4 Nxe4 44. Nxe4 Nxf5 45. Rc6 a5 46. g4 Nd4 47. Rxd6 Rxd6 48. Nxd6 Nxb3 49. Nc4 Kf7 50. Kd1 Ke6 51. Kc2 Nd4+ 52. Kd3 Nc6 53. Nb6 Kd6 54. Kc4 g6 55. Nd5 f5 56. gxf5 gxf5 57. f4 exf4 58. Nxf4 Ke5 59. Nd3+ Kd6 60. Kb5 b3 61. Nb2 Kd5 62. Nd3 Kd4 63. Ne1 b2 64. Nc2+ Kd5 65. Na3 f4 0-1

[Event "CAN-ch Universities"]
[Site "Montreal CAN"]
[Date "2025.01.25"]
[Round "2.81"]
[White "Ahmed, Syed Ibrahim"]
[Black "Nasir, Zehn"]
[Result "0-1"]
[WhiteElo "2230"]
[BlackElo "2219"]
[WhiteFideId "-1"]
[WhiteFideId "-1"]
[PlyCount "46"]
[GameId "2144521137828051"]
[EventDate "2025.01.24"]
[EventType "team"]
[EventRounds "5"]
[EventCountry "CAN"]
[WhiteTeam "Queens A"]
[BlackTeam "York A"]

1. d4 f5 2. Bg5 h6 3. Bh4 g5 4. e3 Nf6 5. Bg3 d6 6. c4 e6 7. Bd3 Qe7 8. Qc2 Bg7 9. Nc3 Bd7 10. Nge2 Nc6 11. a3 O-O-O 12. b4 f4 13. exf4 gxf4 14. Bxf4 e5 15. dxe5 dxe5 16. Nd5 Nxd5 17. cxd5 Nd4 18. Nxd4 exf4+ 19. Be2 Bxd4 20. Rd1 f3 21. gxf3 Qe5 22. h4 Rde8 23. Kf1 Ba4 0-1

[Event "CAN-ch Universities"]
[Site "Montreal CAN"]
[Date "2025.01.25"]
[Round "2.82"]
[White "Chertkow, Matthew"]
[Black "Cao, Bruce"]
[Result "1-0"]
[WhiteElo "1845"]
[BlackElo "1913"]
[WhiteFideId "-1"]
[WhiteFideId "-1"]
[PlyCount "69"]
[GameId "2144521137828052"]
[EventDate "2025.01.24"]
[EventType "team"]
[EventRounds "5"]
[EventCountry "CAN"]
[WhiteTeam "York A"]
[BlackTeam "Queens A"]

1. e4 e5 2. Nf3 Nc6 3. d4 exd4 4. Bc4 Be7 5. c3 dxc3 6. Qd5 Nh6 7. Bxh6 O-O 8. Bxg7 Kxg7 9. Nxc3 Nb4 10. Qd2 d6 11. O-O-O Be6 12. Bxe6 fxe6 13. Qd4+ Bf6 14. Qxb4 c5 15. Qb3 c4 16. Qb4 Be7 17. Qxc4 Qb6 18. Qd4+ Qxd4 19. Rxd4 Rac8 20. Kb1 Rc6 21. e5 d5 22. Rg4+ Kh6 23. Nd4 Rb6 24. f3 Rc8 25. Rc1 Bg5 26. f4 Be7 27. Nce2 Rf8 28. Rc7 Ba3 29. b3 a5 30. Rh4+ Kg6 31. Rhxh7 Rg8 32. h4 Rxb3+ 33. axb3 Be7 34. Rcxe7 a4 35. h5# 1-0

[Event "CAN-ch Universities"]
[Site "Montreal CAN"]
[Date "2025.01.25"]
[Round "2.83"]
[White "Faizy, Mohammed"]
[Black "Hosseini, Mohammad Mahdi"]
[Result "1-0"]
[WhiteElo "1914"]
[BlackElo "1614"]
[WhiteFideId "-1"]
[WhiteFideId "-1"]
[PlyCount "119"]
[GameId "2144521137828053"]
[EventDate "2025.01.24"]
[EventType "team"]
[EventRounds "5"]
[EventCountry "CAN"]
[WhiteTeam "Queens A"]
[BlackTeam "York A"]

1. e4 e6 2. d4 d5 3. Nc3 dxe4 4. Nxe4 Nd7 5. Nf3 Ngf6 6. Nxf6+ Nxf6 7. Bg5 Be7 8. Bd3 h6 9. Bh4 Bd7 10. Ne5 a6 11. c3 Bb5 12. Bxb5+ axb5 13. Qe2 Qd5 14. Bxf6 Bxf6 15. O-O c6 16. a3 O-O 17. Rad1 Bxe5 18. dxe5 Qc5 19. Rd7 Qb6 20. Rfd1 Rad8 21. Qd2 Rb8 22. Qd6 Rfe8 23. Rd3 Rf8 24. h3 Rbc8 25. Qe7 Rce8 26. Rxb7 Rxe7 27. Rxb6 Rc7 28. c4 bxc4 29. Rc3 Rfc8 30. Rxc4 Kf8 31. f4 Ke7 32. Kf2 c5 33. Ke3 Rc6 34. Rxc6 Rxc6 35. b4 Ra6 36. Rxc5 Rxa3+ 37. Kd4 Kd7 38. Kc4 Ra2 39. Kb5 Rxg2 40. Kb6 f6 41. Rc7+ Kd8 42. exf6 gxf6 43. b5 e5 44. fxe5 fxe5 45. Rc4 Rg3 46. Rh4 Rg6+ 47. Ka7 Rg7+ 48. Ka8 Kc7 49. Rxh6 Rg3 50. b6+ Kd8 51. b7 Ra3+ 52. Kb8 e4 53. Re6 Rxh3 54. Rxe4 Rd3 55. Re5 Rd2 56. Ra5 Rb2 57. Rd5+ Ke7 58. Ka7 Ra2+ 59. Kb6 Rb2+ 60. Rb5 1-0

[Event "CAN-ch Universities"]
[Site "Montreal CAN"]
[Date "2025.01.25"]
[Round "3.12"]
[White "Lalonde, Olivier"]
[Black "Noritsyn, Sergey"]
[Result "0-1"]
[WhiteElo "2276"]
[BlackElo "2456"]
[WhiteFideId "-1"]
[WhiteFideId "-1"]
[PlyCount "162"]
[GameId "2144521137836248"]
[EventDate "2025.01.24"]
[EventType "team"]
[EventRounds "5"]
[EventCountry "CAN"]
[WhiteTeam "Waterloo A"]
[BlackTeam "U Toronto A"]

1. d4 Nf6 2. c4 e6 3. Nc3 d5 4. cxd5 exd5 5. Bg5 Be7 6. e3 O-O 7. Bd3 c6 8. Qc2 Nbd7 9. Nf3 Re8 10. O-O Nf8 11. Rab1 a5 12. a3 h6 13. Bxf6 Bxf6 14. b4 Ne6 15. Rfd1 Qe7 16. Na4 Ra7 17. b5 Bd7 18. Nb6 Rd8 19. bxc6 bxc6 20. Nxd7 Qxd7 21. Rdc1 Rc8 22. Bf5 Rb7 23. g3 Rxb1 24. Rxb1 Qc7 25. Qb3 Be7 26. e4 Qd6 27. Qb7 Rf8 28. Bxe6 fxe6 29. Ne5 dxe4 30. Qxc6 Qxc6 31. Nxc6 Bxa3 32. Nxa5 Rd8 33. Nc6 Rd6 34. Rb6 Kh7 35. Kf1 h5 36. Ke2 Bc1 37. Ra6 Bb2 38. Ke3 Bxd4+ 39. Kxe4 Bxf2 40. Ke5 Bc5 41. Nb8 Rd2 42. Kxe6 Rxh2 43. Nd7 Bb4 44. Kf5 Rg2 45. Ra7 g6+ 46. Kf4 Rf2+ 47. Ke3 Rf5 48. Ne5+ Kh6 49. Nf7+ Kg7 50. Nd6+ Kf6 51. Rf7+ Ke6 52. Nxf5 Kxf7 53. Nh4 g5 54. Kf3 g4+ 55. Kf2 Bc5+ 56. Ke2 Kf6 57. Ng2 Bd6 58. Kf2 Bc5+ 59. Ke2 Kf5 60. Nh4+ Ke4 61. Ng6 Bb6 62. Nh4 Bd8 63. Ng2 Bg5 64. Ne1 Bf6 65. Ng2 Be5 66. Kf2 Bd6 67. Nh4 Be7 68. Ng2 Bc5+ 69. Ke2 Bd4 70. Nh4 Bb6 71. Ng2 Bc7 72. Kf2 Kd3 73. Nh4 Bb6+ 74. Kg2 Bd8 75. Nf5 Bf6 76. Nh6 Ke4 77. Nf7 Be7 78. Kf2 Kf5 79. Ke3 Ke6 80. Nh8 Kf6 81. Ke4 Kg7 0-1

[Event "CAN-ch Universities"]
[Site "Montreal CAN"]
[Date "2025.01.25"]
[Round "3.13"]
[White "Rusonik, Max"]
[Black "Surya, Benito"]
[Result "1/2-1/2"]
[WhiteElo "2414"]
[BlackElo "2198"]
[WhiteFideId "-1"]
[WhiteFideId "-1"]
[PlyCount "144"]
[GameId "2144521137836249"]
[EventDate "2025.01.24"]
[EventType "team"]
[EventRounds "5"]
[EventCountry "CAN"]
[WhiteTeam "U Toronto A"]
[BlackTeam "Waterloo A"]

1. e4 d5 2. exd5 Qxd5 3. Nc3 Qa5 4. d4 Nf6 5. Nf3 c6 6. Bc4 Bf5 7. Ne5 e6 8. g4 Bg6 9. h4 Nbd7 10. Nxd7 Nxd7 11. h5 Be4 12. O-O Bd5 13. Nxd5 cxd5 14. Bd3 Bd6 15. a4 g6 16. h6 Qd8 17. g5 a5 18. Qg4 O-O 19. f4 Nb8 20. Be3 Nc6 21. Rac1 Rc8 22. Qe2 Ne7 23. Kg2 Nf5 24. c3 Nxe3+ 25. Qxe3 Qb6 26. Rf2 Rfd8 27. Re1 Bb8 28. Kf1 Qd6 29. Ke2 Qb6 30. Bb5 Qd6 31. Kd1 Kf8 32. Qe5 Qxe5 33. fxe5 Ke7 34. Ref1 Rf8 35. Ke2 Ba7 36. Ke3 Bb6 37. Be2 Ba7 38. Kd3 Rcd8 39. Rf4 Bb8 40. Bg4 Bc7 41. b3 Bb8 42. Ke3 Rc8 43. Kd2 Ba7 44. Re1 Rc7 45. Ref1 Rcc8 46. Be2 Rcd8 47. Bb5 Bb8 48. Ke3 Rc8 49. Kd3 Rcd8 50. Kc2 Ba7 51. Ra1 Rc8 52. c4 Bb8 53. Kd3 Rfd8 54. cxd5 exd5 55. Rf6 Ba7 56. Rf4 Bb6 57. Rf6 Ba7 58. Re1 Rh8 59. e6 fxe6 60. Rexe6+ Kd8 61. Rf7 Rc7 62. Rd6+ Kc8 63. Rxc7+ Kxc7 64. Rd7+ Kc8 65. Rf7 Bb8 66. Bd7+ Kc7 67. Rg7 Kd6 68. Bg4 Bc7 69. Rd7+ Kc6 70. Rf7 Bd8 71. Bd7+ Kd6 72. Bh3 Kc6 1/2-1/2